Movies Quiz

Random Movies or Director Quiz

Akira Kurosawa Movies Quiz Stats

 Plays Quiz Updated Mar 27, 2020

     
Support Sporcle.
Go Orange.
Score 0/31 Timer 08:00
0 Plays Today
Year Title % Correct
1954Seven Samurai
93.8%
1985Ran
81%
1950Rashomon
76.2%
1961Yojimbo
72.5%
1957Throne of Blood
57%
1952Ikiru
56.4%
1990Dreams
55.6%
1958The Hidden Fortress
54.4%
1962Sanjuro
50.6%
1980Kagemusha
48.1%
1963High and Low
45.1%
1965Red Beard
41.6%
1949Stray Dog
37.5%
1960The Bad Sleep Well
33.5%
1948Drunken Angel
30%
1975Dersu Uzala
29.2%
Year Title % Correct
1951The Idiot
28.6%
1970Dodes'Ka-den
24.3%
1993Madadayo
23.7%
1991Rhapsody in August
23.1%
1957The Lower Depths
21.7%
1943Sanshiro Sugata
21.4%
1955I Live in Fear
21.3%
1950Scandal
19.2%
1945The Men Who Tread on the Tiger's Tail
18.8%
1945Sanshiro Sugata II
18.7%
1946No Regrets for Our Youth
17%
1947One Wonderful Sunday
15.5%
1944The Most Beautiful
15.3%
1949The Quiet Duel
13.7%
1946Those Who Make Tomorrow
7.7%

From the Vault

Click the Louisiana Purchase States

by sproutcm

History 3m
In 1803 the United States purchased the Louisiana Territory from France at a price of $15 million. Today we are pretty sure it would be worth at least twice that amount.
Remove Ads.
Support Sporcle.
Get the best of Sporcle when you Go Orange. This ad-free experience offers more features, more stats, and more fun while also helping to support Sporcle. Thank you for becoming a member.

Show Comments

Extras

Top Quizzes Today


Score Distribution

Your Account Isn't Verified!

In order to create a playlist on Sporcle, you need to verify the email address you used during registration. Go to your Sporcle Settings to finish the process.

Report this User

Report this user for behavior that violates our Community Guidelines.

Details: